000 01031nam a22002657a 4500
005 20240530110549.0
008 160625s2014 ua ||||g b||| 00| 0 ara d
017 _a2013/17168
_bمصر. دار الكتب المصرية
020 _a9789773223144
040 _aEG-CaGPL
082 0 4 _a909/
_bا ك
_221
100 0 _aاسماعيل مظهر
245 1 0 _aكتابات فى تاريخ الفكر والحضارة /
_cتأليف اسماعيل مظهر ؛ تحرير وتقديم احمد الهوراى
250 _aط. 1.
260 _aالجيزة، مصر :
_bعين للدراسات والبحوث الانسانية،
_c2014.
300 _a2 مج. ؛
_c24 سم.
490 1 _aمن ذاكرة النهضة
504 _aيشتمل على ارجاعات ببليوجرافية.
650 0 4 _aالحضارة
650 0 4 _aالحضارة العربية
650 0 4 _aالفلسفة
_xتاريخ
700 0 _aاحمد الهوراى
_eمحرر.
942 _2ddc
_cBK
999 _c62426
_d62426